Οι στρατηγικές επιβίωσης των αγροτικών νοικοκυριών στην ελληνική ύπαιθρο : η περίπτωση του Δ. Θέρμου Ν. Αιτωλοακαρνανίας : πτυχιακή διπλωματική εργασία

Αποθηκεύτηκε σε:
Λεπτομέρειες βιβλιογραφικής εγγραφής
Κύριος συγγραφέας: Ευστρατίου, Όλγα
Συγγραφή απο Οργανισμό/Αρχή: Πανεπιστήμιο Αιγαίου. Σχολή Κοινωνικών Επιστημών. Τμήμα Γεωγραφίας
Άλλοι συγγραφείς: Κυριακίδης, Φαίδων (Εισηγητής διατριβής), Χωριανόπουλος, Ιωάννης (Εισηγητής διατριβής), Κίζος, Αθανάσιος (Εισηγητής διατριβής)
Μορφή: Thesis Βιβλίο
Γλώσσα:Greek
Δημοσίευση: 2010
Θέματα:
Διαθέσιμο Online:http://hdl.handle.net/11610/6050
Ετικέτες: Προσθήκη ετικέτας
Δεν υπάρχουν, Καταχωρήστε ετικέτα πρώτοι!

MARC

LEADER 00000cam a2200000 i 4500
001 1/16406
008 111111s2010 gre d
035 |l 10111340 
040 |a GR-MY-UA  |b gre  |e aacr 
041 0 |a gre 
082 0 |a 338.1  |2 (22) 
100 1 |a Ευστρατίου, Όλγα. 
245 1 3 |a Οι στρατηγικές επιβίωσης των αγροτικών νοικοκυριών στην ελληνική ύπαιθρο :  |b η περίπτωση του Δ. Θέρμου Ν. Αιτωλοακαρνανίας : πτυχιακή διπλωματική εργασία /  |c επιμέλεια: Ευστρατίου Όλγα ; επόπτες καθηγητές: Κίζος Αθανάσιος, Κυριακίδης Φαίδων, Χωριανόπουλος Ιωάννης 
260 |c 2010 
300 |a 71 σ.;  |b εικ.;  |c 30 εκ. 
502 |a Πτυχιακή εργασία – Πανεπιστήμιο Αιγαίου, Λέσβος, 2010. 
504 |a Βιβλιογραφία: σ. 64-66 
650 0 |a Agriculture  |z Greece  |z Thermo (Municipality) 
650 0 |a Agriculture  |x Economic aspects  |z Greece  |z Thermo (Municipality) 
650 0 0 |a Farmers  |x Attitudes. 
650 0 |a Farmers  |z Greece  |z Thermo (Municipality) 
650 0 |a Farmers  |x Supplementary employment  |z Greece  |z Thermo (Municipality) 
650 0 0 |a Dissertations, Academic  |z Greece. 
700 1 |a Κυριακίδης, Φαίδων.  |4 ths 
700 1 |a Χωριανόπουλος, Ιωάννης.  |4 ths 
700 1 |4 ths  |a Κίζος, Αθανάσιος. 
710 2 |a Πανεπιστήμιο Αιγαίου.   |b Σχολή Κοινωνικών Επιστημών.   |b Τμήμα Γεωγραφίας. 
852 |a INST  |b LESVOS  |c DIATR  |e 20111111  |h 599  |p 005100051082  |q 005100051082  |t DIE  |y 23 
852 |a INST  |b LESVOS  |c DIATR  |e 20111111  |h 600  |p 005100051081  |q 005100051081  |t DIE  |y 23 
856 |u http://hdl.handle.net/11610/6050 
901 |a BIBL1-2011-3 
909 |a Λ  |b 173065 
909 |a Λ  |b 173066 
924 |a ΕΥΣΤΡΑΤΙΟΥ  |b ΟΛΓΑ  |y ΛΕΣΒΟΣ  |z 2010-09 
970 |a ΤΖΑΦΕΡΗ  |b ΕΥΑΓΓΕΛΙΑ  |z 2011/11/11